Départements français par image n°1 - Statistiques

Statistiques générales
  • Ce quiz a été pris 195 fois
  • Le résultat moyen est 7 sur 15
Statistiques - réponses
Par images Réponse % Correct
Paris
94%
Sarthe
82%
Yvelines
81%
Vendée
73%
Var
63%
Haute-Garonne
54%
Indre-et-Loire
48%
Deux-Sèvres
36%
Haute-Corse
34%
Guyane
29%
Somme
28%
Aveyron
23%
Marne
20%
Tarn-et-Garonne
16%
Val-de-Marne
12%
Aucun quiz correspondant
Distribution des résultats
% des personnes avec chaque résultat
Percentile par nombre de réponses
Votre historique - résultats
Vous n’avez pas pris ce quiz